00286 2200109 4500001002100000005001500021035002400036090001400060245003400074260004200108300002600150YOGYA00000000003519220140823035058 0010-081400000034910 a813 Fin Z aThe Zero HourcFinder, Joseph ajakartabGramedia Pustaka Utamac1998 axix, 241 hlm.c21 cm.